logo

Bir Sreshtho Munshi Abdur Rouf Library
Jhenaidah Cadet College

Statistical methods for engineers and scientists / (Record no. 8526)

MARC details
000 -LEADER
fixed length control field 01207nam a2200373 4500
001 - CONTROL NUMBER
JCCL Control Number 8526
003 - CONTROL NUMBER IDENTIFIER
JCCL marc code BD - JhCC
005 - DATE AND TIME OF LATEST TRANSACTION
control field 20180919123652.0
008 - FIXED-LENGTH DATA ELEMENTS--GENERAL INFORMATION
fixed length control field 840412s1985 nyua b 001 0 eng
020 ## - INTERNATIONAL STANDARD BOOK NUMBER
International Standard Book Number 082477227X
035 ## - SYSTEM CONTROL NUMBER
system control number MITb10247057
-- (BD - JhCC)8526
035 ## - SYSTEM CONTROL NUMBER
system control number (OCoLC)10724823
035 ## - SYSTEM CONTROL NUMBER
system control number GLIS00247057
040 ## - CATALOGING SOURCE
Original cataloging agency DLC
Transcribing agency DLC
Modifying agency MYG
-- BD - JhCC
041 ## - LANGUAGE CODE
Language code of Book eng
050 0# - LIBRARY OF CONGRESS CALL NUMBER
Classification number QA276
Item number .B425 1985
082 ## - DEWEY DECIMAL CLASSIFICATION NUMBER
Author mark and Year BET 1985
Classification number 519.5
099 ## - LOCAL FREE-TEXT CALL NUMBER
Classification number QA276.B425 1985
100 1# - MAIN ENTRY--PERSONAL NAME
Personal name Bethea, Robert M.
245 10 - TITLE STATEMENT
Title Statistical methods for engineers and scientists /
Statement of responsibility, etc Robert M. Bethea, Benjamin S. Duran, Thomas L. Boullion.
250 ## - EDITION STATEMENT
Edition statement 2nd ed., rev. and expanded.
260 ## - PUBLICATION, DISTRIBUTION, ETC. (IMPRINT)
Place of publication, distribution, etc New York :
Name of publisher, distributor, etc M. Dekker,
Date of publication, distribution, etc c1985.
300 ## - PHYSICAL DESCRIPTION
Pagination xxv, 698 p. :
Other physical details ill. ;
Dimensions 24 cm.
490 1# - SERIES STATEMENT
Series statement Statistics, textbooks and monographs ;
Volume number/sequential designation v. 57
504 ## - BIBLIOGRAPHY, ETC. NOTE
Bibliography, etc Includes bibliographies and index.
650 #0 - SUBJECT ADDED ENTRY--TOPICAL TERM
Topical term or geographic name as entry element Mathematical statistics.
650 #0 - SUBJECT ADDED ENTRY--TOPICAL TERM
Topical term or geographic name as entry element Probabilities.
700 1# - ADDED ENTRY--PERSONAL NAME
Personal name Duran, Benjamin S.,
Dates associated with a name 1939-
700 1# - ADDED ENTRY--PERSONAL NAME
Personal name Boullion, Thomas L.
830 #0 - SERIES ADDED ENTRY--UNIFORM TITLE
Uniform title Statistics, textbooks and monographs ;
Volume number/sequential designation v. 57.
942 ## - ADDED ENTRY ELEMENTS (KOHA)
Source of classification or shelving scheme Dewey Decimal Classification
Koha item type Books
949 ## - LOCAL PROCESSING INFORMATION (OCLC)
a MYGE
b 39080003226559
Holdings
Source of classification or shelving scheme Damaged status Not for loan Home library Current library Shelving location Total Checkouts Full call number Barcode Date last seen Copy number Koha item type
Dewey Decimal Classification     JCC Rouf Library JCC Rouf Library General Stacks   519.5 BET 1985 11171 02/26/2018 C - 1 Books

JCC Library | Contacts | JCC Home

Last Update on 23 September 2017
Copyright @ 2017-2020 JCC Rouf Library
Rouf Library, Jhenidah Cadet College (JCC), Bangladesh